| 000 | 00591nam a2200169 a 4500 | ||
|---|---|---|---|
| 008 | 120416s1959 ||||||||||||||||| || u | ||
| 050 | _aHD 1382.5 Nic | ||
| 100 | _aNickerson, William | ||
| 245 | 1 | 0 | _aHow I turned $1,000 into a million in real estate |
| 246 | _ain my spare time | ||
| 260 |
_aNew York _bSimon and Schuster _c1959 |
||
| 300 | _ax, 497p. : ill. | ||
| 350 | _a0.00 | ||
| 650 | _aESTATE | ||
| 650 | _aREAL ESTATE BUSINESS | ||
| 995 |
_D0.00 _FCBU-MAIN LIBRARY (Kitwe) _H1 _I4.85 _M1 _UDAMAGED _ZMain Library Open Access Collection |
||
| 999 |
_c45771 _d45771 |
||